| 000 | 00914nam a22003017a 4500 | ||
|---|---|---|---|
| 003 | CHAP | ||
| 005 | 20220329140059.0 | ||
| 008 | 971013s1972 r 00010 d | ||
| 010 | _a46711 | ||
| 011 | _a47683 | ||
| 035 | _a51826 | ||
| 040 | _cCHAP | ||
| 082 |
_a330.18 _bT5 |
||
| 100 | 0 | 0 |
_aTintner, Gerhard. _9113384 |
| 245 | _aStochastic economics, stochastic processes control, and programming | ||
| 260 |
_aNew York : _bAcademic Press, _c1972 |
||
| 300 | _a315 p. | ||
| 590 |
_aBATCH-UPD _b10 _c20130110 _lUCH01 _h2104 |
||
| 590 |
_aBATCH-UPD _b10 _c20130410 _lUCH01 _h1416 |
||
| 590 |
_aBATCH-UPD _b10 _c20130914 _lUCH01 _h1257 |
||
| 590 |
_aCONVERSION _b10 _c20130109 _lUCH01 _h1326 |
||
| 650 | 1 | 4 |
_aEconometría. _935201 |
| 650 | 1 | 4 |
_aEstocástica. _938336 |
| 700 | 0 |
_aSengupta, Jati K. _9104416 |
|
| 901 | _aBK | ||
| 942 | _cLIBRO | ||
| 949 |
_a330.18 T5 _bBC _cLIBRO _d33724000316824 _eLIBRO _h34828 _i51826 _si |
||
| 999 |
_c46711 _d46711 |
||